Catálogo público

Indicadores para la evaluación económica de proyectos ; VAN, B / (Record no. 168490)

MARC details
000 -CABECERA
campo de control de longitud fija 00671nam a2200229Ia 4500
001 - NÚMERO DE CONTROL
campo de control Z_5419
003 - IDENTIFICADOR DEL NÚMERO DE CONTROL
campo de control CHAP
008 - DATOS DE LONGITUD FIJA--INFORMACIÓN GENERAL
campo de control de longitud fija 220113s1992 xx 000 0 und d
010 ## - NÚMERO DE CONTROL DE LA BIBLIOTECA DEL CONGRESO
Número de control de LC 168490
040 ## - FUENTE DE LA CATALOGACIÓN
Centro/agencia transcriptor CHAP
090 ## - LOCALMENTE ASIGNADO TIPO-LC NÚMERO DE CLASIFICACIÓN (OCLC); NÚMERO DE CLASIFICACIÓN LOCAL (RLIN)
Número de clasificación (OCLC) (R) ; Numero de clasificación, CALL (RLIN) (NR) Folleto 721
100 ## - ENTRADA PRINCIPAL--NOMBRE DE PERSONA
Nombre de persona Muñante Pérez, Domingo Marcelo
9 (RLIN) 142823
245 ## - MENCIÓN DE TÍTULO
Título Indicadores para la evaluación económica de proyectos ; VAN, B /
Mención de responsabilidad, etc. C, N /
-- K, TIR. Definición cálculo e interpretación /
-- Domingo Muñante Pérez
260 ## - PUBLICACIÓN, DISTRIBUCIÓN, ETC.
Lugar de publicación, distribución, etc. CFhapingo, Méx. :
Nombre del editor, distribuidor, etc. UACH. Departamento de Economía Agrícola,
Fecha de publicación, distribución, etc. 1992
300 ## - DESCRIPCIÓN FÍSICA
Extensión 48 h.
901 ## - ELEMENTOS DE DATOS A LOCAL LDA (RLIN)
a FOLLETO 721
902 ## - ELEMENTOS DE DATOS B LOCAL, LDB (RLIN)
a M
910 ## - DATOS DE OPCIÓN DEL USUARIO (OCLC)
Datos de opción del usuario 1992
942 ## - ELEMENTOS DE PUNTO DE ACCESO ADICIONAL (KOHA)
Tipo de ítem Koha Libro_
942 ## - ELEMENTOS DE PUNTO DE ACCESO ADICIONAL (KOHA)
Tipo de ítem Koha
Holdings
Estado de retiro Estado de pérdida Fuente del sistema de clasificación o colocación Estado dañado No para préstamo Código de colección Localización permanente Ubicación/localización actual Ubicación en estantería Fecha de adquisición Código de barras Fecha visto por última vez Número de copia Precio válido a partir de Tipo de ítem Koha
    Clasificación Universidad Autónoma de Chapingo     Folletos Zootecnia Zootecnia   08/06/2006 z_5291 18/01/2022 1 18/01/2022 Folleto